regions of Grudziądz county / Gminy Powiatu Grudziądzkiego - Statistics

General Stats
  • This quiz has been taken 11 times
  • The average score is 3 of 6
Answer Stats
Hint Answer % Correct
South Radzyń chełmiński
78%
Central Gruta
67%
North east Łasin
67%
South east Świecie nad Osą
67%
North Rogóżno
33%
North west n' south west Grudziadz county
11%
No matching quizzes found
Score Distribution
Percent of People with Each Score
Percentile by Number Answered
Your Score History
You have not taken this quiz